Statistics for Most Common World Series Matchups

Click here to take the quiz!

General Stats

  • This quiz has been taken 67 times
  • The average score is 6 of 9

Answer Stats

YearsAnswer% Correct
1941, 1947, 1949, 1952, 1953, 1955, 1956, 1963, 1977, 1978, 1981Los Angeles Dodgers vs. New York Yankees
90%
1946, 1967, 2004, 2013Boston Red Sox vs. St. Louis Cardinals
83%
1926, 1928, 1942, 1943, 1964New York Yankees vs. St. Louis Cardinals
81%
1921, 1922, 1923, 1936, 1937, 1951, 1962New York Yankees vs. San Francisco Giants
78%
1957, 1958, 1996, 1999Atlanta Braves vs. New York Yankees
69%
1939, 1961, 1976Cincinnati Reds vs. New York Yankees
67%
1934, 1968, 2006Detroit Tigers vs. St. Louis Cardinals
64%
1905, 1911, 1913, 1989Oakland Athletics vs. San Francisco Giants
55%
1907, 1908, 1935, 1945Chicago Cubs vs. Detroit Tigers
41%

Score Distribution

Percentile by Number Answered

Percent of People with Each Score

Your Score History

You have not taken this quiz